|
|
|
|
| LEADER |
00000nam0a2200000 4500 |
| 001 |
126728 |
| 005 |
20231101220018.0 |
| 010 |
|
|
|a 5852070076
|
| 020 |
|
|
|a RU
|b 90-37516
|
| 035 |
|
|
|a (RuTPU)RU\TPU\book\137090
|
| 090 |
|
|
|a 126728
|
| 100 |
|
|
|a 20071203d1990 m y0rusy5003 ca
|
| 101 |
0 |
|
|a rus
|
| 102 |
|
|
|a RU
|
| 105 |
|
|
|a y z 000ay
|
| 200 |
1 |
|
|a Алмазный мой венец
|e роман
|f В. П. Катаев
|
| 210 |
|
|
|a Москва
|c ДЭМ
|d 1990
|
| 215 |
|
|
|a 272 с.
|d 20 см
|
| 464 |
|
|
|t Уже написан "Вертер"
|o повесть
|
| 610 |
1 |
|
|a романы
|
| 610 |
1 |
|
|a повести
|
| 675 |
|
|
|a Р2
|z rus
|
| 700 |
|
1 |
|a Катаев
|b В. П.
|c русский писатель
|f 1897-1986
|g Валентин Петрович
|2 stltpush
|3 (RuTPU)RU\TPU\pers\8204
|9 1601
|
| 801 |
|
0 |
|a RU
|b RuMRKP
|c 19950417
|g psbo
|
| 801 |
|
1 |
|a RU
|b 63413507
|c 20071203
|g PSBO
|
| 801 |
|
2 |
|a RU
|b 63413507
|c 20200722
|g PSBO
|
| 942 |
|
|
|c BK
|